Регионална библиотека "Любен Каравелов" - Русе

Пробуждането (Запис номер 456238)

MARC детайли
000 -Лидер
Контролно поле с фиксирана дължина 01212nam a2200301 a 4500
003 - Код на организацията, давaща контролен номер
Контролно поле BLK
005 - Дата и час на последна редакция
Контролно поле 20250604150031.0
008 - Елементи от данни с фиксирана дължина
fixed length control field 180409b bul|||||r ||||||| ||bul||
010 ## - Наследен системен номер
LC control number KNG00134620000
020 ## - Международен стандартен номер на книга ISBN
Международен стандартен номер на книга ISBN 9786190210337
040 ## - Източник на каталожния запис
Идентификатор на билиотеката - собственик на записа BLK
041 ## - Код за език
Код за езика на текст/звукозапис или на отделно заглавие Български
Код за езика КДБФ Български
072 #7 - Код за тематичната категория
Код организация bullib
Код за тематична категория Н83
Текст Чужда художествена литература Н
080 ## - УДК
Текстов определител УДК Френска литература
УДК код - определител по УДК 821.133.1
УДК определител -31
УДК - код + определител 821.133.1-31
100 1# - Редна дума - Автор
Автор Гунел, Лоран
Авторска отговорност първи автор
R(LIN) 377933
139 ## - Редно поле
Редна дума Гунел, Лоран
Авторски знак Гул - Г 92
245 10 - Сведения за заглавието
Заглавие Пробуждането
Редно поле (дума) Лоран Гунел ; прев. от фр. Росица Ташева
257 ## - Страна на издаване
Страна на създаване/издаване България
260 ## - Област на издателските данни
Място на издаване, разпространение и проч. София
Име на издателя, разпространителя и проч. Колибри
Година на издаване 2022
Печатница ([София] : Дедракс)
300 ## - Физическа характеристика
Страници 141 с.
Размери/Мащаб 20 см
380 ## - Жанр
Жанр Худож. лит.
500 ## - Общи забележки
Забележка Ориг. загл.: Le réveil / Laurent Gounelle. - Биогр. данни за авт.
700 ## - Други автори (авторска отговорност)
Лично име Ташева, Росица Борисова
Дати, свързани с автора 1946 -
Друга информация Преводач от френски и английски език.
9 (RLIN) 366084
852 ## - Местоположение
Форматна сигнатура Цб 313888
Фондова буква Хранилище
999 ## - СИСТЕМНИ КОНТРОЛНИ НОМЕРА
Koha biblionumber 456238
Koha biblioitemnumber 456238
942 ## - АРТИКУЛИ
Вид на библиотечния материал Книги
Скрит в OPAC Не
Koha issues (borrowed), all copies 46
Периодичен библиозапис Да
944 ## - СЪЗДАВАНЕ И РЕДАКЦИЯ на ЗАПИСА
Служител, извършил регистрацията/редакцията 30560
Статус, дата на статуса Геновева Генчева
999 ## - СИСТЕМНИ КОНТРОЛНИ НОМЕРА
Koha biblioitemnumber 456238
Наличности
Код за отписване Код за изгубен артикул Източник на класификационната схема Код за повреда Коз за рестрикции Код за отдаване Артикулен № Име на библиотеката - собственик Име на библиотеката, в която се намира в момента Статус (Текущо местоположение) Дата на вписване в системата Местоположение - отдел Цена в лева Систематично азбучна сигнатура Баркод Цена в евро Служебен тип на артикула
  Не е изгубен Universal Decimal Classification Не е повреден без рестрикции заемане за дома 884967 Регионална библиотека "Любен Каравелов" Русе Регионална библиотека "Любен Каравелов" Русе Заемна - подръчен фонд 2022-05-18 Заемна - подръчен фонд 11.21 821-31/Г 92 Л 120000872703 5.73 Книги
  Не е изгубен Universal Decimal Classification Не е повреден само за читалня ползва се в читалня 903416 Регионална библиотека "Любен Каравелов" Русе Регионална библиотека "Любен Каравелов" Русе Хранилище 2022-09-08 Хранилище 16.00 Цб 313888 120000876003 8.18 Книги
Vip Innovations Ltd, Rousse, Bulgaria 2025